| 000 | 00561nam a2200169 i 4500 | ||
|---|---|---|---|
| 001 | 182261 | ||
| 003 | ES-MaACL | ||
| 005 | 20240524063013.0 | ||
| 008 | 130729s1958 ru |||| | rus d | ||
| 100 | 1 |
_aTurguenev, Ivan Sergueevich, _d1818-1883 _9133416 |
|
| 245 | 1 | 1 |
_a[Asia / _cI.S. Turguenev ]. |
| 260 |
_a[Moscú : _bs.n., _c1958] |
||
| 300 |
_a116 p. ; _c20 cm. |
||
| 500 | _aTexto ruso con grafía cirílica. | ||
| 852 |
_aES-MaACL _j2315-F-11 _z.- Donat. herederos de la bibl. de Mª del Pilar Costa Palacín |
||
| 999 |
_c182261 _d182261 |
||